书目信息 |
| 题名: |
Uber崛起
|
|
| 作者: | 赵光辉 著 | |
| 分册: | ||
| 出版信息: | 北京 机械工业出版社 2016.09 |
|
| 页数: | 14,156页 | |
| 开本: | 24cm | |
| 丛书名: | ||
| 单 册: | ||
| 中图分类: | F279.712 | |
| 科图分类: | ||
| 主题词: | 高技术企业--企业管理--经验--美国 | |
| 电子资源: | ||
| ISBN: | 978-7-111-54373-2 | |
| 000 | 01052nam0 2200253 450 | |
| 001 | 0100004076 | |
| 005 | 20161019150257.8 | |
| 010 | @a978-7-111-54373-2@dCNY45.00 | |
| 100 | @a20161019d2016 em y0chiy50 ea | |
| 101 | 0 | @achi |
| 102 | @aCN@b110000 | |
| 105 | @aa z 000yy | |
| 106 | @ar | |
| 200 | 1 | @aUber崛起@AUber jue qi@e颠覆未来交通@f赵光辉著 |
| 210 | @a北京@c机械工业出版社@d2016.09 | |
| 215 | @a14,156页@c图@d24cm | |
| 330 | @a本书告诉读者Uber在世界各地“闯祸”,各国元首出面解决问题,uber所面临的交通部门的封杀,回答“uber是谁,他在干什么?”;其次剖析“优步”的起源,包括传奇的创始人、背后的资金资源支持等,回到“uber是谁”,引出分享经济;再次分析uber的经营模式,阐述共享经济对创新、经济、社会、法律、政治的影响。 | |
| 333 | @a关注交通管理、共享经济的各级政府主管部门的工作人员和研究人员 | |
| 517 | 1 | @a颠覆未来交通@Adian fu wei lai jiao tong |
| 606 | 0 | @a高技术企业@x企业管理@x经验@y美国 |
| 690 | @aF279.712@v5 | |
| 701 | 0 | @a赵光辉@Azhao guang hui@4著 |
| 801 | 0 | @aCN@c201701015 |
| 905 | @a河南城建学院图书馆@dF279.712@eZ302 | |
| Uber崛起:颠覆未来交通/赵光辉著.-北京:机械工业出版社,2016.09 |
| 14,156页:图;24cm |
| 使用对象:关注交通管理、共享经济的各级政府主管部门的工作人员和研究人员 |
| ISBN 978-7-111-54373-2:CNY45.00 |
| 本书告诉读者Uber在世界各地“闯祸”,各国元首出面解决问题,uber所面临的交通部门的封杀,回答“uber是谁,他在干什么?”;其次剖析“优步”的起源,包括传奇的创始人、背后的资金资源支持等,回到“uber是谁”,引出分享经济;再次分析uber的经营模式,阐述共享经济对创新、经济、社会、法律、政治的影响。 |
| ● |
| 相关链接 |
|
|
|
正题名:Uber崛起
索取号:F279.712/Z302
 
预约/预借
| 序号 | 登录号 | 条形码 | 馆藏地/架位号 | 状态 | 备注 |
| 1 | 1362984 | 213629849 | 社科库409/409社科库 102排2列3层/ [索取号:F279.712/Z302] | 在馆 | |
| 2 | 1362985 | 213629858 | 社科库409/409社科库 102排2列3层/ [索取号:F279.712/Z302] | 在馆 |